000 00519nam a2200133Ia 4500
008 220620s9999||||xx |||||||||||||| ||und||
022 _a16182677
100 _aMüller, Ingo
245 0 _aInfluence of cellulose ethers on the kinetics of early Portland cement hydration
546 _aEnglish[eng]
650 _apolymer||cement||cellulose ether||hydration||X-ray diffractometry||construction chemistry||kinetic||synchrotron radiation||Portland cement
856 _uhttps://www.ksp.kit.edu/9783866440777
942 _cEB
999 _c31889
_d31889